LEADER 00886nam0 2200265 450 001 000023759 005 20090302124756.0 100 $a20090302d1978----km-y0itay50------ba 101 0 $aita 102 $aIT 105 $aaf------001yy 200 1 $aAli marine$egli osservatori della R. Marina nella seconda guerra mondiale$fTullio Marcon 210 $aMilano$cMursia$d1978 215 $a184 p., [24] p. di tav.$cill.$d22 cm 225 2 $aBiblioteca del mare$v30 410 0$12001$aBiblioteca del mare 500 10$aAli marine$944935 610 1 $aAviazione militare italiana$aGuerra mondiale 1939-1945 676 $a358.4$v20$9Forze aeree e loro operazioni belliche 700 1$aMarcon,$bTullio$4070$0633150 801 0$aIT$bUNIPARTHENOPE$c20090302$gRICA$2UNIMARC 912 $a000023759 951 $aS 358.45/1$bS 733$cDSA$d2009 996 $aAli marine$944935 997 $aUNIPARTHENOPE LEADER 01176nam a2200325 i 4500 001 991001159999707536 005 20020507184337.0 008 940205s1984 us ||| | eng 020 $a0136049591 035 $ab1080903x-39ule_inst 035 $aLE01307981$9ExL 040 $aDip.to Matematica$beng 082 0 $a621.38042 084 $aAMS 68M99 084 $aCR C.3 100 1 $aDudgeon, Dan E.$027822 245 10$aMultidimensional digital signal processing /$cDan E. Dudgeon, Russell M. Mersereau 260 $aEnglewood Cliffs, NJ :$bPrentice-Hall,$cc1984 300 $axv, 400 p. :$bill. ;$c25 cm. 490 0 $aPrentice-Hall signal processing series 500 $aIncludes bibliographical references and index. 650 4$aDigital techniques 650 4$aSignal processing 700 1 $aMersereau, Russell M. 907 $a.b1080903x$b23-02-17$c28-06-02 912 $a991001159999707536 945 $aLE013 68M DUD11 (1984)$g1$i2013000038735$lle013$o-$pE0.00$q-$rl$s- $t0$u0$v0$w0$x0$y.i10914249$z28-06-02 996 $aMultidimensional digital signal processing$9925030 997 $aUNISALENTO 998 $ale013$b01-01-94$cm$da $e-$feng$gus $h0$i1